Statistics for UEFA Champions League All-Time League Table

Click here to take the quiz!

General Stats

  • This quiz has been taken 20,767 times
  • The average score is 13 of 20

Answer Stats

Rank Team % Correct
1Real Madrid
99%
3FC Barcelona
98%
4Manchester United
97%
2FC Bayern Munich
94%
9Liverpool FC
93%
15Chelsea FC
90%
5AC Milan
89%
6Juventus
86%
13FC Internazionale Milano
81%
10Arsenal FC
81%
12AFC Ajax
73%
8FC Porto
69%
7SL Benfica
58%
20Olympique Lyonnais
52%
18PSV Eindhoven
48%
14Celtic FC
45%
17Rangers FC
28%
19Galatasaray S.K.
22%
11FC Dynamo Kyiv
18%
16RSC Anderlecht
16%

Score Distribution

Percentile by Number Answered

Percent of People with Each Score

Your Score History

You have not taken this quiz